| 000 | 00783cab a2200229 4500 | ||
|---|---|---|---|
| 001 | ABS47182 | ||
| 008 | 090401t1992 xxu||||| |||| 00| 0 eng d | ||
| 035 | _a(Sirsi) u60992 | ||
| 041 | _aeng | ||
| 100 | _aFriedman, A. | ||
| 245 | _aPrefabrication versus conventional construction in single-family wood-frame housing | ||
| 260 | _c1992 | ||
| 350 | _a0 | ||
| 490 |
_aBuilding Research and Information _v20(4) July/August 1992, 266-268(3) |
||
| 520 | _aPresents the results of a detailed survey comparing the costs, production time and quality of conventional and prefabricated houses. | ||
| 650 | _aPREFABRIACTED HOUSES | ||
| 650 | _aPREFABRICATION | ||
| 650 | _aPRODUCTION TIMES | ||
| 690 | _aBUILT ENVIRONMENT-CONSTRUCTION DESIGN | ||
| 942 | _n0 | ||
| 948 | _c04/03/1997 | ||
| 999 |
_c37712 _d37712 |
||